| 000 | 00522nam a2200205Ia 4500 | ||
|---|---|---|---|
| 008 | 220204s9999 xx 000 0 und d | ||
| 082 |
_aNR:62:54-4 _bGUP |
||
| 100 | _aGupta | ||
| 245 | 0 | _aHandbook of rubber chemicals and goods industries | |
| 260 |
_aDelhi _bSIRI |
||
| 650 | _aDipped goods | ||
| 650 | _aHoses | ||
| 650 | _aMicrocellular soles | ||
| 650 | _aMoulded rubber goods | ||
| 650 | _aRaw rubber | ||
| 650 | _aRubber analysis | ||
| 650 | _aRubber chemicals | ||
| 650 | _aSurgical goods | ||
| 942 | _cBK | ||
| 999 |
_c38811 _d38811 |
||